| 000 | 00580cam a2200241 4500 | ||
|---|---|---|---|
| 008 | 000000n2000 000 0 eng u | ||
| 020 | _a0198765258 | ||
| 035 | _a(Sirsi) u109809 | ||
| 050 | _a342.4106 | ||
| 100 | _aWade, H.W.R. | ||
| 245 | _aAdministrative law. | ||
| 250 | _a8th ed. | ||
| 260 |
_aOxford University Press _c2000 |
||
| 300 | _axc, 1027p. ; 25cm. | ||
| 350 | _a29.99 | ||
| 650 | _aADMINISTRATIVE LAW | ||
| 650 | _aTRIBUNALS | ||
| 650 | _aJUDICIAL SYSTEM | ||
| 650 | _aLOCAL GOVERNMENT | ||
| 690 | _aLAW | ||
| 700 | _aForsyth, C.E. | ||
| 942 | _n0 | ||
| 999 |
_c100992 _d100992 |
||